000 00652nam a2200229 a 4500
999 _c2387
_d2387
003 PK-NaQUE
005 20251204100413.0
008 251204b ||||| |||| 00| 0 eng d
020 _a0582218659 (paperback)
020 _a9780582218659 (paperback)
040 _cQUEST
100 1 _aFoster, Jack Stroud
245 1 0 _aMitchells's Building Series: Structure and Fabric: part 2 /
250 _a5th ed.
260 _a[S.l.] :
_bPrentice Hall,
_c1997.
300 _a432 p. ;
650 _aStructure
650 _aFabric
700 1 _aHarington, Raymond
856 4 0 _uhttp://10.10.170.122:8080/browse/book/29047
_yDownload eBook
942 _cBK
_2ddc